000 00548nam a2200181 a 4500
005 20240614063717.0
008 991125s1971 ea 000 0 eng u
035 _aUPN01000054757
049 _aCG
050 4 _aPE1145
_bS6.82 LE
245 0 0 _aSpelling :
_bsound to letter : book B /
_cRalph M. Williams ... [et al.].
260 _aNew York :
_bMacMillan,
_c1971.
300 _a160 p. :
_bil. col.
650 4 _aInglés
_xEstudio y enseñanza
_918
650 4 _aINGLES -
_xORTOGRAFIA
_91704
700 1 _aWilliams, Ralph M.,
_ecoaut.
905 _aLibro
999 _c54757
_d54757